[Event "SV Kamen 2 - SK Germania Kupferdreh 1"]
[Site "Verbandsklasse - Gruppe 2 201"]
[Date "2019.01.20"]
[Round "5.4"]
[White "Traunecker, Thomas"]
[Black "Zagrabski, Kevin"]
[Result "1-0"]
[WhiteElo "1860"]
[BlackElo "1871"]
[PlyCount "83"]
[EventDate "2019.??.??"]

1. d4 g6 2. e4 Bg7 3. Nc3 d6 4. f4 b6 5. Nf3 Bb7 6. Bc4 e6 7. O-O Ne7 8. Qe2
O-O 9. f5 exf5 10. Bg5 Qd7 11. e5 d5 12. Bxe7 Qxe7 13. Nxd5 Qd8 14. Ne3 f4 15.
Ng4 Bxf3 16. Rxf3 Qxd4+ 17. Kh1 h5 18. Rd1 Qxb2 19. Rb3 Qxb3 20. axb3 hxg4 21.
Qxg4 Nc6 22. e6 Ne5 23. exf7+ Kh7 24. Qxf4 Nxc4 25. Qxc4 Be5 26. Qe6 Bd6 27.
Qf6 Rae8 28. Qh4+ Kg7 29. fxe8=Q Rxe8 30. Re1 Rf8 31. Qd4+ Kh7 32. Qd3 a5 33.
Rf1 Rxf1+ 34. Qxf1 Kg7 35. g4 Be7 36. Qc4 Bd6 37. Qe6 Kh6 38. h4 Kg7 39. Kg2
Kh7 40. Kf3 Kg7 41. c4 Kh7 42. Qf7+ 1-0

[Event "SV Kamen 2 - SK Germania Kupferdreh 1"]
[Site "Verbandsklasse - Gruppe 2 201"]
[Date "2019.01.20"]
[Round "5.6"]
[White "Bals, Jochen"]
[Black "Degner, Friedhelm"]
[Result "1-0"]
[WhiteElo "1856"]
[BlackElo "1816"]
[PlyCount "55"]
[EventDate "2019.??.??"]

1. d4 Nf6 2. c4 e5 3. dxe5 Ne4 4. a3 b6 5. Nf3 Bb7 6. Qc2 d5 7. exd6 Bxd6 8.
Nc3 Qe7 9. Nd5 Qe6 10. Nd4 Qg6 11. Bf4 Bxf4 12. Nxf4 Qf6 13. e3 Na6 14. Qa4+ c6
15. Qc2 O-O-O 16. Qxe4 g6 17. Qc2 Rxd4 18. exd4 Qxf4 19. Rd1 Re8+ 20. Be2 Nc7
21. O-O Ne6 22. Rfe1 Kb8 23. Bf3 Rd8 24. Qe4 Qd6 25. c5 Qd7 26. Bg4 Bc8 27.
Bxe6 Qxe6 28. Qf4+ 1-0

[Event "SV Kamen 2 - SK Germania Kupferdreh 1"]
[Site "Verbandsklasse - Gruppe 2 201"]
[Date "2019.01.20"]
[Round "5.7"]
[White "Schaefer, Johannes"]
[Black "Rotter, Chris"]
[Result "0-1"]
[WhiteElo "1667"]
[BlackElo "1711"]
[PlyCount "102"]
[EventDate "2019.??.??"]

1. d4 e6 2. Bf4 d5 3. e3 c5 4. c3 Nf6 5. Nd2 Nc6 6. Ngf3 h6 7. Bd3 Nh5 8. Ne5
Nxf4 9. exf4 cxd4 10. cxd4 Qa5 11. O-O Bd6 12. Nb3 Qb6 13. Qg4 O-O 14. Nxc6
bxc6 15. Rfc1 a5 16. Rc2 Ba6 17. Bxa6 Rxa6 18. g3 Be7 19. Qe2 Bf6 20. Rac1 Rc8
21. Nc5 Ra7 22. Qe3 Qb4 23. Rd1 a4 24. Qc3 Qb6 25. b3 axb3 26. Nxb3 Be7 27. Nc5
Bxc5 28. dxc5 Qa5 29. Qb3 Rcc7 30. Qb6 Qa4 31. Qb8+ Kh7 32. Rdd2 Rab7 33. Qf8
Rb1+ 34. Kg2 Rcb7 35. Re2 d4 36. Rcd2 Qc4 37. Qd6 Qc1 38. Qxd4 Qf1+ 39. Kf3
Qh1+ 40. Ke3 R1b4 41. Qd3+ f5 42. f3 Qg1+ 43. Rf2 Qe1+ 44. Rfe2 Qg1+ 45. Rf2
Rb2 46. Qe2 Qc1 47. Qd3 Qxc5+ 48. Ke2 Rxd2+ 49. Qxd2 Qc4+ 50. Ke3 Ra7 51. Re2
Qc5+ 0-1

[Event "SV Kamen 2 - SK Germania Kupferdreh 1"]
[Site "Verbandsklasse - Gruppe 2 201"]
[Date "2019.01.20"]
[Round "5.8"]
[White "Markert, Dirk"]
[Black "Fiedler, Christian"]
[Result "1-0"]
[WhiteElo "1853"]
[BlackElo "1459"]
[PlyCount "63"]
[EventDate "2019.??.??"]

1. e4 d5 2. exd5 Qxd5 3. Nc3 Qa5 4. d4 Nf6 5. Bd2 Qb6 6. Nf3 Bf5 7. Bc4 e6 8.
O-O c6 9. Re1 Be7 10. Qe2 Qc7 11. Bb3 Nd5 12. Nxd5 cxd5 13. Rac1 Nc6 14. c4
dxc4 15. Bxc4 Qd7 16. Bb5 Bg4 17. Qe4 Bxf3 18. Qxf3 Rc8 19. Rcd1 O-O 20. Qe4
Bf6 21. Bf4 Rfe8 22. Be5 Qe7 23. Bxf6 Qxf6 24. d5 a6 25. dxc6 axb5 26. cxb7 Rb8
27. Rd7 Red8 28. Red1 Rxd7 29. Rxd7 g6 30. h3 Rd8 31. Qc6 Kg7 32. Qxb5 1-0

[Event "SG Bochum 4 - SVG Marten-Bövinghausen "]
[Site "Verbandsklasse - Gruppe 2 201"]
[Date "2019.01.20"]
[Round "5.2"]
[White "Prieb, Robert"]
[Black "GroÃŸe-Venhaus, Philipp"]
[Result "1/2-1/2"]
[WhiteElo "1818"]
[BlackElo "1793"]
[PlyCount "87"]
[EventDate "2019.??.??"]

1. d4 e6 2. c4 d5 3. Nc3 Nf6 4. Nf3 Nbd7 5. Bf4 Bb4 6. e3 dxc4 7. Bxc4 Nb6 8.
Qb3 Bxc3+ 9. bxc3 Nfd5 10. Bg5 f6 11. Bh4 Nxc4 12. Qxc4 Nb6 13. Qb3 Qd5 14. O-O
Bd7 15. Rac1 Bb5 16. Rfe1 Bc4 17. Qa3 Qd6 18. Qxd6 cxd6 19. a3 Kf7 20. e4 g5
21. Bg3 e5 22. Nd2 Rac8 23. f3 Nd7 24. Rb1 b6 25. Rb4 Bd3 26. c4 a5 27. Rb3
Bxc4 28. Nxc4 Rxc4 29. dxe5 dxe5 30. Bf2 Rb8 31. Reb1 a4 32. Rb4 Rxb4 33. Rxb4
b5 34. Kf1 Rb7 35. Ke2 Ke6 36. Rb2 Nb8 37. g3 Nc6 38. Bc5 Na5 39. Rd2 Rd7 40.
Rxd7 Kxd7 41. Bb4 Nc6 42. Kd3 Nxb4+ 43. axb4 Ke6 44. g4 1/2-1/2

[Event "SG Bochum 4 - SVG Marten-Bövinghausen "]
[Site "Verbandsklasse - Gruppe 2 201"]
[Date "2019.01.20"]
[Round "5.3"]
[White "Gielisch, Eckhart"]
[Black "Gluma, Christian"]
[Result "0-1"]
[WhiteElo "1795"]
[BlackElo "1836"]
[PlyCount "98"]
[EventDate "2019.??.??"]

1. d4 e6 2. c4 d5 3. Nc3 Nf6 4. Bg5 Be7 5. e3 Nbd7 6. Nf3 O-O 7. Rc1 c6 8. a3
a5 9. Bd3 h6 10. Bh4 dxc4 11. Bxc4 Nd5 12. Bxe7 Nxe7 13. O-O Nb6 14. Ba2 Nbd5
15. Qd2 Ng6 16. Ne4 Nh4 17. Qe2 e5 18. Nxe5 f6 19. Nd3 f5 20. Nc3 Be6 21. Ne5
f4 22. e4 f3 23. Nxf3 Bg4 24. Nxd5 Bxf3 25. Nf6+ Kh8 26. gxf3 Qxf6 27. Kh1 Nxf3
28. Rc3 Qf4 29. Rxf3 Qxf3+ 30. Qxf3 Rxf3 31. Kg2 Rd3 32. d5 Rd2 33. dxc6 bxc6
34. Rc1 Rxb2 35. Be6 Rb6 36. Rc5 Ra7 37. f4 g6 38. Kf3 Kg7 39. f5 gxf5 40. exf5
Kf6 41. h4 Raa6 42. Bc4 Ra7 43. Be6 a4 44. Ke4 Rg7 45. Kf4 h5 46. Kf3 Rg4 47.
Bd7 Rxh4 48. Bxc6 Rb3+ 49. Kg2 Rd4 0-1

[Event "SG Bochum 4 - SVG Marten-Bövinghausen "]
[Site "Verbandsklasse - Gruppe 2 201"]
[Date "2019.01.20"]
[Round "5.4"]
[White "Walny, Benjamin"]
[Black "Boxberg, Marc"]
[Result "1-0"]
[WhiteElo "1761"]
[BlackElo "1735"]
[Annotator "Daniel"]
[PlyCount "119"]
[EventDate "2019.??.??"]

1. e4 e6 2. d4 d5 3. Nd2 a6 4. c3 c5 5. exd5 exd5 6. Ngf3 Nc6 7. dxc5 Bxc5 8.
Nb3 Ba7 9. Nbd4 Nge7 10. Be3 O-O 11. g3 Bg4 12. Bg2 Qd7 13. h3 Nxd4 14. Bxd4
Bxd4 15. Qxd4 Be6 $11 16. Qd2 Nc6 17. Nd4 Nxd4 18. Qxd4 Rfe8 19. O-O-O Rad8 20.
f4 f6 21. g4 Bf7 22. Rd2 Qb5 23. Bf3 b6 24. Rhd1 Qc6 25. Kb1 b5 26. Ka1 Qc4 27.
a3 Qb3 28. Kb1 Rd6 29. h4 Red8 $11 30. g5 fxg5 31. hxg5 Qc4 32. Qxc4 bxc4 33.
f5 a5 34. Be2 Rc6 35. Rd4 Rdc8 36. Bf3 Re8 37. Bxd5 Bxd5 38. Rxd5 Ra6 39. Rc5
Kf8 40. Rxc4 Re5 41. Rc8+ Ke7 42. Rc7+ Ke8 43. Rxg7 Rxf5 44. Rh1 Rg6 45. Rhxh7
Rxg7 46. Rxg7 Kf8 47. Rd7 Rxg5 48. a4 Ke8 49. Rd4 Ke7 50. Kc2 Ke6 51. Kd3 Rg2
52. b4 Rg3+ 53. Kc4 axb4 54. cxb4 Rg8 55. b5 Rc8+ 56. Kb4 Ke5 57. Rd1 Rc2 58.
b6 Rb2+ 59. Ka5 Rh2 60. b7 1-0

[Event "SG Bochum 4 - SVG Marten-Bövinghausen "]
[Site "Verbandsklasse - Gruppe 2 201"]
[Date "2019.01.20"]
[Round "5.5"]
[White "Schulte, Eduard"]
[Black "Jung, Benn"]
[Result "1/2-1/2"]
[WhiteElo "1740"]
[BlackElo "1699"]
[PlyCount "52"]
[EventDate "2019.??.??"]

1. b3 d5 2. Bb2 c5 3. e3 Nc6 4. Bb5 Bd7 5. f4 a6 6. Bxc6 Bxc6 7. Nf3 Qc7 8. O-O
O-O-O 9. Ne5 e6 10. d3 f6 11. Nxc6 Qxc6 12. Qf3 h5 13. Nd2 Bd6 14. a4 Ne7 15.
d4 Kb8 16. Rac1 cxd4 17. exd4 g5 18. fxg5 fxg5 19. Qd3 Qc7 20. Nf3 g4 21. Ne5
Bxe5 22. dxe5 Nf5 23. Bd4 Rhf8 24. c3 h4 25. b4 g3 26. h3 Qc4 1/2-1/2

[Event "SG Bochum 4 - SVG Marten-Bövinghausen "]
[Site "Verbandsklasse - Gruppe 2 201"]
[Date "2019.01.20"]
[Round "5.6"]
[White "Butschek, Gerhard"]
[Black "Davydov, Boris"]
[Result "1/2-1/2"]
[WhiteElo "1680"]
[BlackElo "1710"]
[Annotator "Daniel"]
[PlyCount "85"]
[EventDate "2019.??.??"]

1. g3 g6 2. Bg2 Bg7 3. Nf3 Nf6 4. O-O O-O 5. Nc3 d5 6. d4 Nc6 7. e3 Re8 8. Ne2
e6 9. Nf4 Bd7 10. Nd3 b6 11. Nde5 Nxe5 12. Nxe5 Bb5 13. Re1 Nd7 14. a4 Nxe5 15.
axb5 Nd7 16. c4 Nf6 $11 17. Ra6 Qd7 18. Qa4 Rec8 19. b4 c6 20. bxc6 Qxc6 21.
Qxc6 Rxc6 22. c5 Rcc8 23. Ba3 Nd7 24. Rc1 Nb8 25. Ra4 b5 26. Ra5 a6 27. Bb2 Nc6
28. Ra3 Nxb4 29. Rb3 Nc6 30. Ra1 Ra7 31. Bf1 Bf6 32. f4 Bd8 33. Bc3 f5 34. Bd2
h5 35. Kf2 Kf7 36. h3 Bc7 37. Kf3 Kg7 38. g4 hxg4+ 39. hxg4 Kf6 40. g5+ Kg7 41.
Kg3 Rb8 42. Ra2 Rc8 43. Ra1 1/2-1/2

[Event "SG Bochum 4 - SVG Marten-Bövinghausen "]
[Site "Verbandsklasse - Gruppe 2 201"]
[Date "2019.01.20"]
[Round "5.7"]
[White "Gielisch, Ulrich"]
[Black "Mazarov, Paul"]
[Result "0-1"]
[WhiteElo "1661"]
[BlackElo "1648"]
[PlyCount "44"]
[EventDate "2019.??.??"]

1. d4 d5 2. c4 dxc4 3. Nc3 e5 4. Nf3 exd4 5. Qxd4 Qxd4 6. Nxd4 Bc5 7. e3 Nf6 8.
Bxc4 O-O 9. O-O c6 10. a3 Nbd7 11. Rd1 Ne5 12. Ba2 Bg4 13. f3 Bh5 14. b4 Bb6
15. Bb2 Rad8 16. Na4 Bc7 17. Rd2 Rfe8 18. Rad1 Ned7 19. g4 Bg6 20. e4 Bf4 21.
Rc2 Ne5 22. Bc1 Nxf3+ 0-1

[Event "SG Bochum 4 - SVG Marten-Bövinghausen "]
[Site "Verbandsklasse - Gruppe 2 201"]
[Date "2019.01.20"]
[Round "5.8"]
[White "Illner, Jan"]
[Black "Ahlich, Mike"]
[Result "1/2-1/2"]
[WhiteElo "1553"]
[BlackElo "1721"]
[PlyCount "35"]
[EventDate "2019.??.??"]

1. e4 e6 2. d4 d5 3. exd5 exd5 4. Nf3 Nf6 5. Bg5 Be7 6. Be2 Bg4 7. Nbd2 O-O 8.
c3 Re8 9. O-O Nbd7 10. Ne5 Bxe2 11. Qxe2 Ne4 12. Bxe7 Qxe7 13. Nxd7 Qxd7 14.
Qd3 Re7 15. Rfe1 Rae8 16. Re3 Qf5 17. Nxe4 dxe4 18. Qc2 1/2-1/2

[Event "SV Unser Fritz 1 - FS Dortmund 1"]
[Site "Verbandsklasse - Gruppe 2 201"]
[Date "2019.01.20"]
[Round "5.1"]
[White "Reichmann, Oleg"]
[Black "Mueller, Martin"]
[Result "1/2-1/2"]
[WhiteElo "2024"]
[BlackElo "2011"]
[Annotator "Daniel"]
[PlyCount "120"]
[EventDate "2019.??.??"]

1. Nf3 d6 2. g3 e5 3. Bg2 f5 4. d3 Nf6 5. c4 Be7 6. Nc3 O-O 7. O-O Nc6 8. Rb1
Qe8 9. Nd5 Bd8 10. Nxf6+ Bxf6 11. b4 Qg6 12. b5 Nd8 13. c5 d5 14. Bb2 Qe8 15.
a4 c6 16. Qb3 Kh8 17. Qb4 g5 18. e4 fxe4 19. dxe4 d4 20. Nd2 Bg7 21. Nc4 Qh5
22. Nd6 Be6 23. Qd2 g4 24. Bc1 h6 25. bxc6 bxc6 26. Qd3 Bg8 27. f4 Ne6 28. f5
Ng5 29. Rb7 Bf6 30. Bd2 Rfb8 31. Bxg5 Qxg5 32. Rbb1 Qg7 33. a5 Ba2 34. Ra1 Bg8
35. a6 Rb3 36. Qd1 Rab8 37. Kh1 Qg5 38. Nb7 Qg7 39. Rf2 Rc3 40. Rc1 Bb3 41. Qe1
Re3 42. Re2 Rxe2 43. Qxe2 $11 Ba4 44. Qa2 Qg5 45. Rb1 Bb5 46. Nd6 Qg8 47. Qxg8+
Kxg8 48. Bf1 Be7 49. Nxb5 cxb5 50. Bxb5 Kg7 51. c6 Bd6 52. Kg2 Bc7 53. Kf1 Kf6
54. Ke2 Ke7 55. Kd3 Kd6 56. Kc4 Bd8 57. Rf1 Bf6 58. Rh1 Bg5 $11 59. Rb1 Bd8 60.
Rf1 Bf6 1/2-1/2

[Event "SV Unser Fritz 1 - FS Dortmund 1"]
[Site "Verbandsklasse - Gruppe 2 201"]
[Date "2019.01.20"]
[Round "5.2"]
[White "Rutz, Dirk"]
[Black "Hein, Erwin"]
[Result "1-0"]
[WhiteElo "1973"]
[BlackElo "2001"]
[PlyCount "95"]
[EventDate "2019.??.??"]

1. c4 e5 2. Nc3 Nc6 3. g3 g6 4. Bg2 Bg7 5. d3 Nge7 6. e4 Nd4 7. Nge2 d6 8. Nxd4
exd4 9. Ne2 O-O 10. O-O Nc6 11. h3 Rb8 12. f4 f5 13. exf5 gxf5 14. Kh2 Kh8 15.
Bd2 Bd7 16. Ng1 Qf6 17. Be1 Ne7 18. Bf2 c5 19. Re1 Bc6 20. Qe2 Bxg2 21. Kxg2
Nc6 22. Nf3 b5 23. b3 bxc4 24. bxc4 Rf7 25. Ng5 Re7 26. Qf3 Nb4 27. Rxe7 Qxe7
28. Re1 Qf8 29. a3 Nc2 30. Re2 Ne3+ 31. Bxe3 dxe3 32. Qh5 h6 33. Rxe3 Kg8 34.
Ne6 Qf6 35. Nxg7 Kxg7 36. Kf3 Rb7 37. Qe8 Qa1 38. Re7+ Rxe7 39. Qxe7+ Kg8 40.
Qe6+ Kg7 41. g4 Qf1+ 42. Kg3 Qxd3+ 43. Kh4 fxg4 44. hxg4 Qc2 45. Qe7+ Kg8 46.
Kh5 Qxc4 47. Kg6 Qd3+ 48. f5 1-0

[Event "SV Unser Fritz 1 - FS Dortmund 1"]
[Site "Verbandsklasse - Gruppe 2 201"]
[Date "2019.01.20"]
[Round "5.3"]
[White "Khess, Igor"]
[Black "Jungbluth, Michael"]
[Result "1-0"]
[WhiteElo "1951"]
[BlackElo "1929"]
[PlyCount "37"]
[EventDate "2019.??.??"]

1. e4 d6 2. d4 Nf6 3. Bd3 e5 4. c3 Be7 5. Ne2 O-O 6. O-O Nh5 7. Qc2 Bg5 8. f4
exf4 9. Nxf4 Nxf4 10. Bxf4 Nc6 11. Nd2 g6 12. Qb3 Kg7 13. Qb5 Bxf4 14. Rxf4 a6
15. Qb3 Ne7 16. Raf1 f5 17. exf5 Nxf5 18. g4 Qg5 19. Ne4 1-0

[Event "SV Unser Fritz 1 - FS Dortmund 1"]
[Site "Verbandsklasse - Gruppe 2 201"]
[Date "2019.01.20"]
[Round "5.4"]
[White "Distelrath, Oliver"]
[Black "Brendemuehl, Bernd"]
[Result "0-1"]
[WhiteElo "1855"]
[BlackElo "1886"]
[PlyCount "42"]
[EventDate "2019.??.??"]

1. e4 c5 2. Nc3 Nc6 3. f4 d6 4. Nf3 g6 5. Bb5 Bg7 6. O-O Bd7 7. Bc4 e6 8. d3
Nge7 9. Qe1 a6 10. f5 exf5 11. exf5 O-O 12. fxg6 Nxg6 13. Ng5 Nce5 14. Bb3 b5
15. Bd5 Bc6 16. Qg3 b4 17. Bxc6 Nxc6 18. Nd5 Nd4 19. Qf2 f6 20. Nf3 f5 21. Bg5
Nxf3+ 0-1

[Event "SV Unser Fritz 1 - FS Dortmund 1"]
[Site "Verbandsklasse - Gruppe 2 201"]
[Date "2019.01.20"]
[Round "5.5"]
[White "Lauche, Christoph"]
[Black "Mikulski, Georg"]
[Result "1/2-1/2"]
[WhiteElo "1804"]
[BlackElo "1903"]
[PlyCount "67"]
[EventDate "2019.??.??"]

1. e4 e5 2. Nf3 Nc6 3. Nc3 Nf6 4. Nxe5 Nxe5 5. d4 Ng6 6. e5 Ng8 7. Bc4 Bb4 8.
Qf3 Qe7 9. O-O Bxc3 10. bxc3 Nh6 11. a4 O-O 12. g3 d6 13. Re1 Be6 14. exd6 cxd6
15. Bxh6 gxh6 16. Qe3 Bxc4 17. Qxe7 Nxe7 18. Rxe7 Bd5 19. c4 Bxc4 20. Rxb7 Rfe8
21. Rab1 Kf8 22. Rd7 d5 23. Rbb7 a6 24. Rxf7+ Kg8 25. Rg7+ Kh8 26. Rxh7+ Kg8
27. Rbg7+ Kf8 28. Rf7+ Kg8 29. Rhg7+ Kh8 30. f4 Re2 31. f5 Rb8 32. Rh7+ Kg8 33.
Rhg7+ Kh8 34. Rh7+ 1/2-1/2

[Event "SV Unser Fritz 1 - FS Dortmund 1"]
[Site "Verbandsklasse - Gruppe 2 201"]
[Date "2019.01.20"]
[Round "5.6"]
[White "Goessling, Juergen"]
[Black "Grube, Joerg"]
[Result "1/2-1/2"]
[WhiteElo "1723"]
[BlackElo "1813"]
[Annotator "Daniel"]
[PlyCount "97"]
[EventDate "2019.??.??"]

1. e4 e5 2. Nf3 Nc6 3. d4 exd4 4. Bc4 Bc5 5. c3 dxc3 6. Bxf7+ Kf8 7. Nxc3 Nf6
8. Bb3 d6 9. h3 Qe8 10. O-O h6 11. Re1 Qg6 12. Nh4 Qg3 13. Nf5 Bxf5 14. Be3 Qg6
15. exf5 Qxf5 16. Rc1 Bxe3 17. Rxe3 Re8 18. Rf3 Qe5 $11 19. Re3 Qd4 20. Rxe8+
Kxe8 21. Qf3 Kd8 22. Ba4 Qc5 23. Rc2 Re8 24. Ne2 Qd5 25. Qxd5 Nxd5 26. Kf1 Ndb4
27. Rc4 Nxa2 28. Bxc6 bxc6 29. Ra4 Kc8 30. Rxa2 Kb7 31. Ra3 c5 32. Rg3 Re7 33.
Ke1 d5 34. Kd2 Rf7 35. f3 Kc6 36. Rg6+ Kb5 37. Nc3+ Kc4 38. Kc2 d4 39. b3+ Kb4
40. Nd5+ Kb5 41. Re6 a5 42. Re7 Rxe7 43. Nxe7 c4 44. Nf5 cxb3+ 45. Kxb3 a4+ 46.
Ka3 d3 47. Ne3 Kc5 48. Kxa4 Kd4 49. Nd1 1/2-1/2

[Event "SV Unser Fritz 1 - FS Dortmund 1"]
[Site "Verbandsklasse - Gruppe 2 201"]
[Date "2019.01.20"]
[Round "5.7"]
[White "Jost, Udo"]
[Black "Elsner, Mario"]
[Result "1-0"]
[WhiteElo "1765"]
[BlackElo "1794"]
[PlyCount "69"]
[EventDate "2019.??.??"]

1. c4 g6 2. Nf3 Bg7 3. d4 c5 4. Nc3 cxd4 5. Nxd4 Nc6 6. Nb3 Nf6 7. e4 O-O 8.
Be2 b6 9. h4 h5 10. Bf4 d6 11. Qd2 Bb7 12. Rd1 Qc8 13. f3 Ne5 14. Bxe5 dxe5 15.
Nd5 Bxd5 16. cxd5 Rd8 17. Rc1 Qd7 18. Qb4 Rdc8 19. O-O Bh6 20. Bb5 Qd6 21. Qxd6
exd6 22. Rc6 Ne8 23. Kf2 Kf8 24. g4 f6 25. Rg1 hxg4 26. fxg4 Bf4 27. Kf3 a6 28.
Rxc8 Rxc8 29. Bxa6 Rc2 30. Rg2 Rc7 31. a3 Ke7 32. Bb5 Ng7 33. Bc6 Kf7 34. Nd4
Ra7 35. Nb5 1-0

[Event "SV Unser Fritz 1 - FS Dortmund 1"]
[Site "Verbandsklasse - Gruppe 2 201"]
[Date "2019.01.20"]
[Round "5.8"]
[White "Tober, Julian"]
[Black "Potyrala, Lukasz-Rafal"]
[Result "1-0"]
[WhiteElo "1732"]
[BlackElo "1613"]
[Annotator "Daniel"]
[PlyCount "47"]
[EventDate "2019.??.??"]

1. e4 g6 2. d4 Bg7 3. Nc3 e6 4. Nf3 Ne7 5. Be3 d6 6. Be2 Nd7 7. Qd2 b6 8. Bh6
O-O 9. O-O-O Bb7 10. h4 Nf6 11. Bxg7 Kxg7 12. Qf4 h5 13. Ng5 Neg8 14. g4 Qe7
15. gxh5 e5 16. dxe5 Qxe5 17. Qxe5 dxe5 $11 18. hxg6 Kxg6 19. Rdg1 Kh6 20. Bc4
Ne7 21. Nxf7+ Kh7 22. Nxe5 Nxe4 23. Bd3 Rf4 24. Rg4 1-0

[Event "Rochade Steele/Kray 1 - SC Gerthe - Wer"]
[Site "Verbandsklasse - Gruppe 2 201"]
[Date "2019.01.20"]
[Round "5.1"]
[White "Quast, Marcel"]
[Black "Happe, Ulrich"]
[Result "1-0"]
[WhiteElo "2247"]
[BlackElo "2091"]
[PlyCount "31"]
[EventDate "2019.??.??"]

1. e4 c5 2. d4 cxd4 3. c3 dxc3 4. Nxc3 Nc6 5. Nf3 e6 6. Bc4 Nge7 7. Bg5 f6 8.
Be3 Ng6 9. O-O a6 10. Bb3 Be7 11. Nd2 O-O 12. f4 Kh8 13. Rf3 Qe8 14. Rh3 f5 15.
exf5 exf5 16. Rxh7+ 1-0

[Event "Rochade Steele/Kray 1 - SC Gerthe - Wer"]
[Site "Verbandsklasse - Gruppe 2 201"]
[Date "2019.01.20"]
[Round "5.2"]
[White "Landau, Christian"]
[Black "BrueggestraÃŸ, Volker"]
[Result "1-0"]
[WhiteElo "2048"]
[BlackElo "2017"]
[Annotator "Daniel"]
[PlyCount "79"]
[EventDate "2019.??.??"]

1. Nf3 Nf6 2. g3 d5 3. Bg2 g6 4. O-O Bg7 5. d4 O-O 6. c4 c6 7. cxd5 cxd5 8. Nc3
Ne4 9. Qb3 Nxc3 10. bxc3 Nc6 11. Nd2 e5 12. Ba3 Na5 13. Qxd5 Qxd5 14. Bxd5 Rd8
15. c4 exd4 16. Rab1 Be6 17. Bxb7 Nxb7 18. Rxb7 Rdc8 19. Rfb1 Bh6 20. f4 g5 21.
Bd6 gxf4 22. gxf4 Bxc4 23. Kf2 Bg7 24. Rg1 Ba6 25. Re7 Re8 26. Ne4 Kh8 27. Rxf7
Rxe4 28. Rgxg7 Rxe2+ 29. Kf3 Re3+ 30. Kg4 Rg8 31. Rxg8+ Kxg8 32. Rxa7 d3 33.
Bb4 d2 $11 34. Bxd2 Ra3 35. Kg5 Rxa2 36. Kf6 Bc4 37. Rg7+ Kh8 38. Bc3 Ra3 39.
Be5 Ra6+ 40. Kg5 1-0

[Event "Rochade Steele/Kray 1 - SC Gerthe - Wer"]
[Site "Verbandsklasse - Gruppe 2 201"]
[Date "2019.01.20"]
[Round "5.3"]
[White "Gottmann, Bernd"]
[Black "Kirsch, Paul"]
[Result "0-1"]
[WhiteElo "1952"]
[BlackElo "1929"]
[PlyCount "80"]
[EventDate "2019.??.??"]

1. d4 d5 2. c4 e6 3. Nc3 Nf6 4. cxd5 exd5 5. Bg5 Be7 6. e3 O-O 7. Bd3 c6 8. Qc2
Nbd7 9. Nf3 Re8 10. O-O h6 11. Bf4 Bf8 12. Rab1 a5 13. h3 b5 14. Rfd1 Bb7 15.
Rbc1 Rc8 16. Qb1 Bb4 17. Ne5 Nf8 18. a4 bxa4 19. Nxa4 N6d7 20. Bf5 Ne6 21. Nxd7
Qxd7 22. Nb6 Qd8 23. Nxc8 Qxc8 24. Qc2 Qd8 25. Bxe6 Rxe6 26. Qe2 Bc8 27. Bg3
Qe8 28. Ra1 Rg6 29. Kh2 Qe7 30. Qh5 Re6 31. Qh4 Qe8 32. Bc7 Re7 33. Qg3 Re6 34.
Kh1 Qe7 35. Bxa5 Bd6 36. Qf3 Rf6 37. Qe2 Bxh3 38. gxh3 Qe4+ 39. f3 Rxf3 40. Qg2
Rxh3+ 0-1

[Event "Rochade Steele/Kray 1 - SC Gerthe - Wer"]
[Site "Verbandsklasse - Gruppe 2 201"]
[Date "2019.01.20"]
[Round "5.4"]
[White "Greger, Helmut"]
[Black "Berens, Thomas"]
[Result "1-0"]
[WhiteElo "1915"]
[BlackElo "1830"]
[PlyCount "57"]
[EventDate "2019.??.??"]

1. c4 Nf6 2. Nf3 g6 3. g3 Bg7 4. Bg2 O-O 5. O-O d5 6. cxd5 Nxd5 7. d4 Nd7 8. e4
N5b6 9. Nc3 c6 10. Bf4 Nf6 11. b3 Nh5 12. Be3 c5 13. Rc1 cxd4 14. Nxd4 Nf6 15.
f3 Bd7 16. Rf2 e6 17. Rd2 Qe7 18. Bf1 Rfd8 19. Ndb5 Bxb5 20. Nxb5 Rxd2 21. Qxd2
Rd8 22. Qf2 Nbd7 23. Rc7 a6 24. Bc5 Qe8 25. Nd6 Qf8 26. Nxb7 Nxc5 27. Nxd8 Qxd8
28. Qxc5 Nxe4 29. Rc8 1-0

[Event "Rochade Steele/Kray 1 - SC Gerthe - Wer"]
[Site "Verbandsklasse - Gruppe 2 201"]
[Date "2019.01.20"]
[Round "5.5"]
[White "Loeffelbein, Klaus"]
[Black "Seker, Seyfullah"]
[Result "1/2-1/2"]
[WhiteElo "1826"]
[BlackElo "1741"]
[Annotator "Daniel"]
[PlyCount "57"]
[EventDate "2019.??.??"]

1. d4 d5 2. c4 e6 3. Nc3 Nf6 4. Nf3 Nbd7 5. Bf4 c6 6. e3 Qa5 7. Nd2 Be7 8. Be2
O-O 9. O-O Re8 10. a3 Bf8 11. b4 Qd8 12. Qb3 e5 13. dxe5 Nxe5 14. Bxe5 Rxe5 15.
Nf3 Re8 16. Rfd1 Be6 17. Ng5 h6 18. cxd5 Bxd5 19. Nxd5 hxg5 20. Nc3 Qc7 21. Rd2
Rad8 $11 22. Rad1 Rxd2 23. Rxd2 Rd8 24. Qd1 Rxd2 25. Qxd2 Qe5 26. Qd4 Qxd4 27.
exd4 a5 28. Na2 Nd5 29. Bf3 1/2-1/2

[Event "Rochade Steele/Kray 1 - SC Gerthe - Wer"]
[Site "Verbandsklasse - Gruppe 2 201"]
[Date "2019.01.20"]
[Round "5.6"]
[White "Borger, Alexander"]
[Black "Melmer, Felix"]
[Result "0-1"]
[WhiteElo "1886"]
[BlackElo "1851"]
[Annotator "Daniel"]
[PlyCount "58"]
[EventDate "2019.??.??"]

1. d4 d5 2. c4 c6 3. Nc3 Nf6 4. e3 e6 5. Nf3 Be7 6. Bd3 dxc4 7. Bxc4 b5 8. Bd3
Bb7 9. O-O Nbd7 10. a3 a5 11. e4 b4 12. Na4 Ba6 13. Bxa6 Rxa6 14. Qe2 Qa8 15.
Re1 $11 O-O 16. Bg5 h6 17. Bh4 Rc8 18. e5 Nd5 19. Bxe7 Nxe7 20. Nc5 Nxc5 21.
dxc5 bxa3 22. bxa3 a4 23. Nd2 Ra5 24. Ne4 Rb8 25. Rec1 Rbb5 26. g4 Ng6 27. h3
Nxe5 28. f4 Nd7 29. Qe3 Qa7 0-1

[Event "Rochade Steele/Kray 1 - SC Gerthe - Wer"]
[Site "Verbandsklasse - Gruppe 2 201"]
[Date "2019.01.20"]
[Round "5.7"]
[White "Meise, Ulrich"]
[Black "Schmitz, Juergen"]
[Result "0-1"]
[WhiteElo "1817"]
[BlackElo "1864"]
[PlyCount "60"]
[EventDate "2019.??.??"]

1. e4 Nf6 2. e5 Nd5 3. Nf3 d6 4. Nc3 Nxc3 5. dxc3 Nc6 6. Bc4 e6 7. exd6 cxd6 8.
O-O Be7 9. Nd4 O-O 10. Nxc6 bxc6 11. Be3 Bb7 12. Qe2 Qc7 13. Qh5 g6 14. Qh6 c5
15. f4 Be4 16. Rf2 Rfd8 17. Bd3 Bf8 18. Qh3 Qb7 19. Rd1 d5 20. Rfd2 Bxd3 21.
cxd3 d4 22. Bf2 Bg7 23. c4 Qa6 24. b3 Qb6 25. g4 a5 26. f5 exf5 27. gxf5 a4 28.
Rb1 Re8 29. Qf3 Qf6 30. b4 Qg5+ 0-1

[Event "Rochade Steele/Kray 1 - SC Gerthe - Wer"]
[Site "Verbandsklasse - Gruppe 2 201"]
[Date "2019.01.20"]
[Round "5.8"]
[White "Schroeder, Marcel"]
[Black "Kalle, Yannis"]
[Result "0-1"]
[WhiteElo "1520"]
[BlackElo "1714"]
[PlyCount "100"]
[EventDate "2019.??.??"]

1. c4 Nf6 2. Nc3 g6 3. g3 Bg7 4. Bg2 d6 5. d4 O-O 6. e4 Nbd7 7. Nge2 e5 8. O-O
Re8 9. Re1 c6 10. b3 Qc7 11. Bb2 Nf8 12. Qd2 Ne6 13. dxe5 dxe5 14. Rad1 Rd8 15.
Qc1 Bd7 16. Ba3 Be8 17. Qe3 Rxd1 18. Rxd1 Rd8 19. Rxd8 Qxd8 20. Qxa7 Bh6 21.
Qxb7 Qd2 22. Bb4 Qe1+ 23. Bf1 Ng4 24. Qb6 Nd4 25. Nd1 Nxe2+ 26. Kg2 Qxd1 27.
Bxe2 Qxe2 28. Bc5 Qxe4+ 29. Kg1 Qe1+ 30. Kg2 Qe4+ 31. Kg1 Qb1+ 32. Kg2 Qf5 33.
Qd8 Qe6 34. a4 Qd7 35. Qb6 Bg5 36. a5 Bd8 37. Qb4 Qc8 38. Qc3 Bc7 39. b4 Nf6
40. Qe3 Nd7 41. Be7 Qb7 42. Qe4 f5 43. Qf3 Bf7 44. Qc3 c5+ 45. Kg1 Qxb4 46.
Qxb4 cxb4 47. a6 b3 48. a7 Nb6 49. Ba3 Bxc4 50. Bb2 Bd5 0-1

[Event "SC Buer-Hassel 1 - SW Oberhausen 1"]
[Site "Verbandsklasse - Gruppe 2 201"]
[Date "2019.01.20"]
[Round "5.1"]
[White "Puetter, Pascal"]
[Black "Bossy, Arnim"]
[Result "1/2-1/2"]
[WhiteElo "1965"]
[BlackElo "2144"]
[PlyCount "24"]
[EventDate "2019.??.??"]

1. e4 d5 2. exd5 Nf6 3. Nf3 Bg4 4. Be2 Qxd5 5. Nc3 Qd8 6. d4 e6 7. Be3 c6 8.
O-O Nbd7 9. a4 Bd6 10. Qd2 Qc7 11. h3 Bh5 12. Rfb1 O-O 1/2-1/2